[Event "CHN-ch Gp-B (Women)"]
[Site "Liaocheng"]
[Date "2024.04.25"]
[Round "10"]
[White "Men, Jiayi"]
[Black "Shao, Qiyu"]
[Result "1/2-1/2"]
[WhiteElo "1845"]
[BlackElo "1764"]
[PlyCount "113"]
[EventDate "2024.04.21"]
[EventType "swiss"]
[EventRounds "11"]
[EventCountry "CHN"]
[SourceTitle "CB18_2024"]
[SourceDate "2024.05.01"]
[SourceVersion "1"]
[SourceVersionDate "2024.05.01"]
[SourceQuality "2"]

1. Nf3 c5 2. g3 d5 3. d4 cxd4 4. Nxd4 e5 5. Nb3 Nc6 6. Bg2 Be6 7. 0-0 Nf6 8. Bg5 Be7 9. c3 Qd6 10. Bxf6 Bxf6 11. e4 d4 12. cxd4 exd4 13. f4 Qb4 14. e5 Be7 15. f5 Bxb3 16. Qxb3 Qxb3 17. axb3 0-0 18. Bxc6 bxc6 19. Nd2 Rfb8 20. Ra6 c5 21. Rfa1 Rb7 22. Kf1 h6 23. h4 Bd8 24. Ke2 Bc7 25. Nc4 Rxb3 26. Rxa7 Rxa7 27. Rxa7 Bxe5 28. g4 d3+ 29. Ke3 Bxb2 30. Nxb2 Rxb2 31. Kxd3 Rb4 32. g5 hxg5 33. hxg5 Rg4 34. Rc7 Rxg5 35. Rxc5 Rg4 36. Ke3 Kf8 37. Rc7 Ke8 38. Ra7 Rg1 39. Kf4 Rd1 40. Kg5 Rd7 41. Ra6 Rc7 42. Rb6 Kd7 43. Ra6 Rb7 44. Ra8 Ke7 45. Rg8 Rb1 46. Rxg7 Rh1 47. Kf4 Kf6 48. Rg4 Rf1+ 49. Ke4 Re1+ 50. Kf4 Ra1 51. Kf3 Ra3+ 52. Ke4 Ra5 53. Rf4 Re5+ 54. Kf3 Kg5 55. Rg4+ Kxf5 56. Rf4+ Kg5 57. Rxf7 1/2-1/2

[Event "CHN-ch Gp-B (Women)"]
[Site "Liaocheng"]
[Date "2024.04.24"]
[Round "7"]
[White "Men, Jiayi"]
[Black "Wu, Shuang1"]
[Result "1/2-1/2"]
[WhiteElo "1845"]
[BlackElo "1701"]
[PlyCount "66"]
[EventDate "2024.04.21"]
[EventType "swiss"]
[EventRounds "11"]
[EventCountry "CHN"]
[SourceTitle "CB18_2024"]
[SourceDate "2024.05.01"]
[SourceVersion "1"]
[SourceVersionDate "2024.05.01"]
[SourceQuality "2"]

1. Nf3 Nf6 2. g3 d5 3. Bg2 c6 4. 0-0 Bf5 5. d4 e6 6. c4 Nbd7 7. a4 h6 8. Bf4 Be7 9. Nc3 0-0 10. cxd5 exd5 11. Qb3 Qb6 12. Qxb6 Nxb6 13. Ne5 a5 14. f3 c5 15. e4 cxd4 16. exf5 dxc3 17. bxc3 Rac8 18. Be3 Nc4 19. Bd4 Nxe5 20. Bxe5 Bc5+ 21. Kh1 Nd7 22. f4 Nxe5 23. fxe5 d4 24. Bxb7 Rc7 25. cxd4 Bxd4 26. Rab1 Bxe5 27. Rfc1 Rxc1+ 28. Rxc1 Bd6 29. Rc6 Bb4 30. Rc7 Rd8 31. Kg2 Bd6 32. Rc2 Kf8 33. Kf3 Ke7 1/2-1/2

[Event "CHN-ch Gp-B (Women)"]
[Site "Liaocheng"]
[Date "2024.04.24"]
[Round "8"]
[White "Pian, Junyao"]
[Black "Men, Jiayi"]
[Result "0-1"]
[WhiteElo "1717"]
[BlackElo "1845"]
[PlyCount "82"]
[EventDate "2024.04.21"]
[EventType "swiss"]
[EventRounds "11"]
[EventCountry "CHN"]
[SourceTitle "CB18_2024"]
[SourceDate "2024.05.01"]
[SourceVersion "1"]
[SourceVersionDate "2024.05.01"]
[SourceQuality "2"]

1. e4 d6 2. d4 Nf6 3. f3 c5 4. d5 g6 5. c4 Bg7 6. Nc3 0-0 7. Be3 Na6 8. Qd2 Nc7 9. Bh6 a6 10. h4 Rb8 11. h5 b5 12. hxg6 fxg6 13. Bxg7 Kxg7 14. Qh6+ Kg8 15. 0-0-0 Rf7 16. Bd3 bxc4 17. Bxc4 Nb5 18. Rd3 Qf8 19. Qg5 Nd7 20. f4 Rxf4 21. Rf3 Rxf3 22. Nxf3 Nxc3 23. bxc3 Qf6 24. Qe3 Ne5 25. Nd2 Ng4 26. Qh3 h5 27. Rf1 Qg7 28. Be2 a5 29. Bxg4 Bxg4 30. Qd3 a4 31. Nc4 Rf8 32. Kc2 Rxf1 33. Qxf1 Bd7 34. Nb6 Be8 35. Qc4 Qf6 36. Nxa4 Qf2+ 37. Kb3 Qxg2 38. Nb2 h4 39. Nd3 h3 40. Nf4 Qf3 41. e5 h2 0-1

[Event "CHN-ch Gp-B (Women)"]
[Site "Liaocheng"]
[Date "2024.04.23"]
[Round "5"]
[White "Men, Jiayi"]
[Black "Meng, Wuyang"]
[Result "1-0"]
[WhiteElo "1845"]
[BlackElo "1652"]
[PlyCount "89"]
[EventDate "2024.04.21"]
[EventType "swiss"]
[EventRounds "11"]
[EventCountry "CHN"]
[SourceTitle "CB18_2024"]
[SourceDate "2024.05.01"]
[SourceVersion "1"]
[SourceVersionDate "2024.05.01"]
[SourceQuality "2"]

1. Nf3 d5 2. g3 Nf6 3. Bg2 c6 4. d4 h6 5. 0-0 Bf5 6. c4 e6 7. Nc3 Bd6 8. Nd2 0-0 9. e4 dxe4 10. Ndxe4 Bxe4 11. Nxe4 e5 12. Nxd6 Qxd6 13. dxe5 Qxe5 14. Qb3 Qc7 15. Bf4 Qc8 16. Rad1 Na6 17. Qc3 Qf5 18. b4 Rad8 19. Be3 Rxd1 20. Rxd1 Qh5 21. f3 b6 22. Qa3 Qe5 23. Bf2 Qe2 24. Re1 Qxc4 25. Bf1 Qxb4 26. Qxa6 Nd5 27. Qxa7 Qc3 28. Qd7 Nb4 29. Re8 Qf6 30. Rxf8+ Kxf8 31. Bd4 Qg5 32. f4 Qd5 33. Qxd5 Nxd5 34. Bc4 b5 35. Bxd5 cxd5 36. Kf2 g6 37. Bc5+ Ke8 38. Ke3 Kd7 39. Kd4 Ke6 40. Bf8 h5 41. Kc5 Kf5 42. Kxb5 Ke4 43. a4 d4 44. a5 d3 45. Bb4 1-0

[Event "CHN-ch Gp-B (Women)"]
[Site "Liaocheng"]
[Date "2024.04.21"]
[Round "2"]
[White "Ji, Yueran"]
[Black "Men, Jiayi"]
[Result "0-1"]
[WhiteElo "1660"]
[BlackElo "1845"]
[PlyCount "96"]
[EventDate "2024.04.21"]
[EventType "swiss"]
[EventRounds "11"]
[EventCountry "CHN"]
[SourceTitle "CB18_2024"]
[SourceDate "2024.05.01"]
[SourceVersion "1"]
[SourceVersionDate "2024.05.01"]
[SourceQuality "2"]

1. e4 d6 2. d4 Nf6 3. Nc3 g6 4. f4 Bg7 5. Nf3 a6 6. Bd3 0-0 7. e5 dxe5 8. fxe5 Nd5 9. Nxd5 Qxd5 10. 0-0 Bg4 11. Be3 c5 12. Be2 cxd4 13. Qxd4 Qxd4 14. Bxd4 Nc6 15. Bc3 Nxe5 16. Bxe5 Bxe5 17. h3 Bxf3 18. Bxf3 Rab8 19. Rad1 Bd6 20. c4 b5 21. cxb5 Rxb5 22. Rd2 Kg7 23. b3 Rc5 24. Rd5 Rfc8 25. Rxc5 Rxc5 26. Be2 a5 27. Bc4 f6 28. Rd1 Kh6 29. Kf2 Kg5 30. Rd4 Rf5+ 31. Ke2 Bc5 32. Rg4+ Kh6 33. Kd3 Rf2 34. a4 f5 35. Rg3 Bd6 36. Re3 Rxg2 37. Bd5 Rg3 38. Rxg3 Bxg3 39. Ke3 Bd6 40. Bc4 e5 41. Be2 Kg5 42. Bf1 Bc5+ 43. Kd3 Kf4 44. Kc4 Bb4 45. Kd3 e4+ 46. Ke2 Kg3 47. Ke3 Bc5+ 48. Ke2 f4 0-1

[Event "Da Qing U20 op-B"]
[Site "Da Qing"]
[Date "2019.01.20"]
[Round "1"]
[White "Zhu, Chenxi"]
[Black "Men, Jiayi"]
[Result "0-1"]
[WhiteElo "1143"]
[BlackElo "1732"]
[PlyCount "178"]
[EventDate "2019.01.20"]
[EventType "swiss"]
[EventRounds "9"]
[EventCountry "CHN"]
[SourceTitle "CBM 188 Extra"]
[Source "ChessBase"]
[SourceDate "2019.02.26"]
[SourceVersion "1"]
[SourceVersionDate "2019.02.26"]
[SourceQuality "1"]

1. e4 d6 2. d4 Nf6 3. Nc3 g6 4. Nf3 Bg7 5. Bc4 c6 6. Qe2 0-0 7. e5 dxe5 8. dxe5 Nd5 9. Bd2 Bg4 10. h3 Bxf3 11. gxf3 e6 12. f4 Nxc3 13. Bxc3 b5 14. Bd3 Qb6 15. a3 a5 16. h4 Nd7 17. Bd2 Nc5 18. Be3 Nxd3+ 19. Qxd3 c5 20. h5 Qc6 21. Rg1 Rfd8 22. Qe2 c4 23. hxg6 hxg6 24. f3 b4 25. axb4 axb4 26. Kf2 Rxa1 27. Rxa1 Bf8 28. Rd1 Rd5 29. Rd4 Rxd4 30. Bxd4 Be7 31. Qe4 Qa4 32. Qe2 b3 33. cxb3 cxb3 34. Be3 Qa1 35. Qd2 Qb1 36. Qc1 Qd3 37. Qd2 Qb5 38. Kg2 Kg7 39. Kf2 Qc4 40. Qe2 Bh4+ 41. Kf1 Qd5 42. Kg1 f6 43. Bd2 Qd4+ 44. Be3 Qd5 45. Bd2 f5 46. Kg2 Be7 47. Bc3 g5 48. Qd2 Qxd2+ 49. Bxd2 gxf4 50. Bxf4 Bc5 51. Bc1 Kg6 52. f4 Kh5 53. Kf3 Kh4 54. Bd2 Bd4 55. Bc1 Bb6 56. Bd2 Kh3 57. Bc1 Kh2 58. Bd2 Kg1 59. Ke2 Kg2 60. Kd3 Kf3 61. Kc4 Be3 62. Bc3 Kxf4 63. Kxb3 Ke4 64. Kc4 f4 65. b4 f3 66. Be1 f2 67. Bxf2 Bxf2 68. b5 Kxe5 69. Kd3 Kd5 70. Ke2 Bb6 71. Kd3 e5 72. Ke2 Kc5 73. Ke3 Kxb5+ 74. Ke4 Bd4 75. Kd3 Kc5 76. Ke4 Kc4 77. Kf3 Kd3 78. Kg2 e4 79. Kf1 Bc3 80. Kg2 e3 81. Kf3 e2 82. Kf4 e1Q 83. Kf5 Qe5+ 84. Kg4 Qf6 85. Kg3 Qf5 86. Kg2 Bd4 87. Kh1 Qg6 88. Kh2 Bf2 89. Kh3 Qg3# 0-1

[Event "Harbin U20 op"]
[Site "Harbin"]
[Date "2018.01.28"]
[Round "9"]
[White "Men, Jiayi"]
[Black "Li, Xintong"]
[Result "1/2-1/2"]
[WhiteElo "1715"]
[BlackElo "1533"]
[PlyCount "94"]
[EventDate "2018.01.24"]
[EventType "tourn"]
[EventRounds "9"]
[EventCountry "CHN"]
[SourceTitle "CBM 182 Extra"]
[Source "ChessBase"]
[SourceDate "2018.02.23"]
[SourceVersion "1"]
[SourceVersionDate "2018.02.23"]
[SourceQuality "1"]

1. d4 d6 2. c4 Nd7 3. Nf3 e5 4. Nc3 c6 5. g3 Ngf6 6. dxe5 dxe5 7. Bg2 Be7 8. 0-0 0-0 9. b3 Qc7 10. Bb2 Re8 11. Qc2 Bf8 12. Ng5 g6 13. Rad1 Nc5 14. b4 Ne6 15. Nce4 Be7 16. Nxf6+ Bxf6 17. Ne4 Bg7 18. e3 Rd8 19. c5 Rxd1 20. Rxd1 Nd8 21. Nd6 Be6 22. Ne8 Qb8 23. a3 Bh8 24. Qd2 Kf8 25. Nd6 f6 26. f4 Nf7 27. Nxf7 Kxf7 28. fxe5 fxe5 29. e4 Bf6 30. Rf1 Kg7 31. Bc1 Qd8 32. Qh6+ Kg8 33. h4 Bg7 34. Qg5 Qxg5 35. Bxg5 Bg4 36. Rf2 Re8 37. Rd2 Bf8 38. Kf2 h6 39. Bd8 Kf7 40. Bf1 Be6 41. Bc7 Bg7 42. a4 Bb3 43. Bd6 h5 44. Rb2 Be6 45. b5 Bf8 46. b6 a5 47. Ke3 Rd8 1/2-1/2

[Event "Harbin U20 op"]
[Site "Harbin"]
[Date "2018.01.26"]
[Round "6"]
[White "Men, Jiayi"]
[Black "Baterdene, Tsogbayar"]
[Result "0-1"]
[WhiteElo "1715"]
[BlackElo "2318"]
[PlyCount "106"]
[EventDate "2018.01.24"]
[EventType "tourn"]
[EventRounds "9"]
[EventCountry "CHN"]
[SourceTitle "CBM 182 Extra"]
[Source "ChessBase"]
[SourceDate "2018.02.23"]
[SourceVersion "1"]
[SourceVersionDate "2018.02.23"]
[SourceQuality "1"]

1. d4 d5 2. Nf3 Nf6 3. g3 g6 4. Bg2 Bg7 5. 0-0 0-0 6. c3 Nbd7 7. Ne5 Nb6 8. Nd2 a5 9. e4 c6 10. Nd3 dxe4 11. Nxe4 Nxe4 12. Bxe4 Bh3 13. Re1 Re8 14. Bf3 a4 15. g4 f5 16. g5 e5 17. Nxe5 Nd5 18. Bg2 Bxg2 19. Kxg2 f4 20. Qg4 a3 21. Nd3 Rxe1 22. Nxe1 Qe7 23. Nd3 Rf8 24. Qf3 Qxg5+ 25. Kh1 b5 26. Bd2 axb2 27. Nxb2 Qf5 28. Nd3 g5 29. h3 Ra8 30. Nc1 Qc2 31. Qd3 Qxd3 32. Nxd3 Ra3 33. Rc1 Rxa2 34. Be1 Ra3 35. Nc5 Kf7 36. Kg2 Nb6 37. Ne4 Kg6 38. Rd1 Kf5 39. Nc5 Ra2 40. Kf3 h5 41. Rd2 g4+ 42. hxg4+ hxg4+ 43. Ke2 f3+ 44. Kd3 Ra1 45. Ne4 Rxe1 46. Ng3+ Ke6 47. Ne4 Ra1 48. Nc5+ Kd5 49. Ne4 Nc4 50. Rc2 Rd1+ 51. Nd2 Bh6 52. Ra2 Rxd2+ 53. Rxd2 Nxd2 0-1

[Event "Harbin U20 op"]
[Site "Harbin"]
[Date "2017.01.22"]
[Round "9"]
[White "Men, Jiayi"]
[Black "Liu, Yuanxin"]
[Result "1-0"]
[WhiteElo "1621"]
[BlackElo "1374"]
[PlyCount "125"]
[EventDate "2017.01.18"]
[EventType "swiss"]
[EventRounds "9"]
[EventCountry "CHN"]
[SourceTitle "EXT 2018"]
[Source "ChessBase"]
[SourceDate "2017.10.13"]
[SourceVersion "1"]
[SourceVersionDate "2017.10.13"]
[SourceQuality "1"]

1. d4 d5 2. g3 Nf6 3. Bg2 g6 4. c4 c6 5. cxd5 cxd5 6. Nc3 Bg7 7. Nf3 0-0 8. 0-0 b6 9. Bf4 Bb7 10. Qb3 Nbd7 11. Nb5 Nh5 12. Bc7 Qe8 13. Rac1 Nhf6 14. Bf4 Qd8 15. Rfd1 Nh5 16. Bc7 Qe8 17. a4 Nhf6 18. Bf4 Qd8 19. Rc7 Ba6 20. Rxa7 Bxb5 21. Rxa8 Qxa8 22. Qxb5 e6 23. Rc1 Rd8 24. Ne5 Nxe5 25. Bxe5 Rf8 26. b3 Ng4 27. Bxg7 Kxg7 28. Rc6 Qa5 29. Qxa5 bxa5 30. Bf3 Nf6 31. e3 Ra8 32. Kf1 Ng8 33. Be2 Ne7 34. Rc7 Ng8 35. Bb5 Nf6 36. Ke2 h6 37. f3 h5 38. Kd3 Ne8 39. Bxe8 Rxe8 40. Ra7 Rb8 41. Kc3 Rc8+ 42. Kb2 Kf8 43. Rxa5 Rc7 44. Rc5 Rb7 45. Kc3 Ke7 46. b4 Ra7 47. Kb3 Kd7 48. b5 f5 49. Kb4 g5 50. b6 Rb7 51. Kb5 g4 52. f4 Kd8 53. a5 Rb8 54. a6 Rc8 55. Rxc8+ Kxc8 56. Kc6 Kb8 57. b7 Ka7 58. Kc7 Kxa6 59. b8Q Ka5 60. Kc6 Ka4 61. Qb2 h4 62. Kc5 h3 63. Qb4# 1-0

[Event "Harbin U20 op"]
[Site "Harbin"]
[Date "2017.01.21"]
[Round "8"]
[White "Chiryasov, Sergey"]
[Black "Men, Jiayi"]
[Result "1/2-1/2"]
[WhiteElo "1982"]
[BlackElo "1621"]
[PlyCount "70"]
[EventDate "2017.01.18"]
[EventType "swiss"]
[EventRounds "9"]
[EventCountry "CHN"]
[SourceTitle "EXT 2018"]
[Source "ChessBase"]
[SourceDate "2017.10.13"]
[SourceVersion "1"]
[SourceVersionDate "2017.10.13"]
[SourceQuality "1"]

1. Nf3 f5 2. b3 Nf6 3. Bb2 e6 4. g3 d5 5. Bg2 Bd6 6. d4 c6 7. 0-0 0-0 8. Nbd2 Qc7 9. c4 Qe7 10. Ne1 e5 11. dxe5 Bxe5 12. Bxe5 Qxe5 13. Nd3 Qe7 14. cxd5 Nxd5 15. e4 Nc3 16. Qc2 fxe4 17. Qxc3 exd3 18. Rae1 Qf7 19. Qxd3 Bf5 20. Qc3 Na6 21. Ne4 Rad8 22. Re3 Nc7 23. Qc5 Nd5 24. Nd6 Rxd6 25. Qxd6 Nxe3 26. fxe3 Qe6 27. Qc5 b6 28. Qxc6 Qxe3+ 29. Kh1 Qe7 30. Qd5+ Be6 31. Rxf8+ Kxf8 32. Qe4 g6 33. h3 Kg7 34. Kh2 Qf6 35. Qe3 Bf7 1/2-1/2